[Event "IECG CE.2003.0.00060 email"]
[Site "IECG email"]
[Date "2003.10.08"]
[Round "?"]
[White "Mojtehedzadeh, Fariborz"]
[Black "Clews, William A"]
[Result "1-0"]
[WhiteElo "1381"]
[BlackElo "1392"]
[PlyCount "29"]
[EventDate "2003.10.08"]
[EventType "tourn (corr)"]
[EventRounds "6"]
[SourceTitle "Corr 2008"]
[Source "ChessBase"]
[SourceDate "2008.06.24"]
[SourceVersion "1"]
[SourceVersionDate "2008.06.24"]
[SourceQuality "1"]

1. e4 e5 2. Nf3 Nc6 3. Bb5 Bc5 4. c3 d5 5. Nxe5 Qg5 6. d4 Qxg2 7. Rf1 Bd6 8. Nxc6 Qxe4+ 9. Be3 Bd7 10. Bd3 Qh4 11. Ne5 Bxe5 12. dxe5 Qxh2 13. Bd4 Bh3 14. Qh5 Nh6 15. Nd2 1-0

[Event "IECG CP.2003.P.00071 email"]
[Site "IECG email"]
[Date "2003.10.01"]
[Round "?"]
[White "Perez, Giorgio"]
[Black "Mojtehedzadeh, Fariborz"]
[Result "1/2-1/2"]
[WhiteElo "1877"]
[BlackElo "1381"]
[PlyCount "57"]
[EventDate "2003.10.01"]
[EventType "tourn (corr)"]
[EventRounds "6"]
[EventCountry "POR"]
[SourceTitle "Corr 2008"]
[Source "ChessBase"]
[SourceDate "2008.06.24"]
[SourceVersion "1"]
[SourceVersionDate "2008.06.24"]
[SourceQuality "1"]

1. e4 e5 2. f4 d5 3. exd5 e4 4. d3 Nf6 5. dxe4 Nxe4 6. Nf3 Bc5 7. Qe2 Bf5 8. Nc3 Qe7 9. Be3 Bxe3 10. Qxe3 Nxc3 11. Qxe7+ Kxe7 12. bxc3 Be4 13. c4 Bxf3 14. gxf3 Nd7 15. Kd2 Kf6 16. Bd3 Nc5 17. Rae1 Rhe8 18. Kc3 a5 19. Kd4 Rxe1 20. Rxe1 b6 21. c3 Rd8 22. h4 h6 23. h5 Ne6+ 24. Ke3 Nc5 25. Bc2 Re8+ 26. Be4 Rd8 27. Rb1 Rd6 28. Rb2 Rd8 29. Rg2 1/2-1/2

[Event "IECG QN.2003.0.00270 email "]
[Site "IECG email"]
[Date "2003.04.15"]
[Round "?"]
[White "Cuttica, Gerardo Axel"]
[Black "Mojtehedzadeh, Fariborz"]
[Result "1/2-1/2"]
[WhiteElo "800"]
[BlackElo "800"]
[PlyCount "77"]
[EventDate "2003.04.15"]
[EventType "tourn (corr)"]
[EventRounds "6"]
[SourceTitle "Corr 2008"]
[Source "ChessBase"]
[SourceDate "2008.06.24"]
[SourceVersion "1"]
[SourceVersionDate "2008.06.24"]
[SourceQuality "1"]

1. e4 e5 2. Nf3 Nc6 3. d4 exd4 4. Nxd4 Qh4 5. Nb5 Bb4+ 6. Bd2 Qxe4+ 7. Be2 Kd8 8. 0-0 Bxd2 9. Nxd2 Qe5 10. Re1 Nf6 11. Bc4 Qf4 12. g3 Qf5 13. Nf3 d6 14. Nbd4 Nxd4 15. Nxd4 Qg6 16. Qf3 Rf8 17. Qe3 Re8 18. Qb3 Qg4 19. c3 Re5 20. Bxf7 Qg5 21. h4 Qh6 22. f4 Re7 23. Rxe7 Kxe7 24. Re1+ Kf8 25. Ne6+ Kxf7 26. Nxc7+ d5 27. Nxa8 Qg6 28. c4 d4 29. Nc7 d3 30. Re3 d2 31. c5+ Kf8 32. Qd3 Qxd3 33. Rxd3 Ne4 34. Nd5 Bg4 35. Ne3 Bf3 36. b4 a6 37. b5 axb5 38. g4 Ke7 39. a3 1/2-1/2

[Event "IECG QN.2003.0.00270 email "]
[Site "IECG email"]
[Date "2003.04.15"]
[Round "?"]
[White "McNally, Tony"]
[Black "Mojtehedzadeh, Fariborz"]
[Result "0-1"]
[WhiteElo "800"]
[BlackElo "800"]
[PlyCount "90"]
[EventDate "2003.04.15"]
[EventType "tourn (corr)"]
[EventRounds "6"]
[SourceTitle "Corr 2008"]
[Source "ChessBase"]
[SourceDate "2008.06.24"]
[SourceVersion "1"]
[SourceVersionDate "2008.06.24"]
[SourceQuality "1"]

1. e4 c5 2. Nf3 d6 3. d4 cxd4 4. Nxd4 Nf6 5. Nc3 a6 6. a4 e6 7. Bc4 Be7 8. 0-0 0-0 9. Bb3 Nc6 10. f4 d5 11. e5 Bc5 12. Be3 Ng4 13. Qxg4 Nxd4 14. Nd1 Nxb3 15. cxb3 d4 16. Bf2 Bd7 17. Kh1 f5 18. Qh3 Bc6 19. Bh4 Qb6 20. Nf2 Bd5 21. Nd3 Qxb3 22. Qg3 Rfc8 23. Rfc1 b6 24. Nxc5 Qxg3 25. Bxg3 bxc5 26. Bf2 Bb3 27. Ra3 Rab8 28. h3 d3 29. Be3 Rd8 30. Bd2 Bc2 31. Rc3 Rd5 32. R1xc2 dxc2 33. Rxc2 Kf7 34. g4 Rd3 35. Kg2 Rbd8 36. Be1 fxg4 37. hxg4 R8d4 38. Rf2 Rxa4 39. Rf3 Rdd4 40. Bf2 Rxf4 41. Rxf4+ Rxf4 42. Kg3 Rxf2 43. Kxf2 Kg6 44. Ke3 Kg5 45. Kf3 c4 0-1